| 000 | 00400cam a2200145ua 4500 | ||
|---|---|---|---|
| 041 |
_aeng _h |
||
| 082 |
_a828.09 _bWAI/HE |
||
| 100 | _aWaith, Eugene M . | ||
| 245 |
_aHerculean hero: In Marlowe, Chapman, Shakespeare and Dryden / _cEugene M Waith. _hTextual Documents |
||
| 260 |
_aLondon : _bChatto and Windus , _c1962. |
||
| 300 | _a224 ; . | ||
| 504 | _a | ||
| 942 | _cBK | ||
| 999 |
_c10465 _d10465 |
||